000 00870nam a22001457a 4500
999 _c520133
_d520133
008 220702b ||||| |||| 00| 0 eng d
100 _aRangarajan, Jayanthi
_931818
245 _aAdvancements in medicine
260 _aYojana
300 _a66(6), Jun, 2022: p.53-55
520 _aMedicine is not merely a science but on art too; this is a famous adage we owe to Paracelsus, a 16th century alchemist turned physician. Technology, the third dimensions, has steadily been incorporated and has fortified medicine as practiced today. Health or medical technology is defined by the WHO as the application of organized knowledge and skill in the form of devices, medicines, vaccines, procedures, procedures , and systems to solve a health problem and improve quality of lives. – Reproduced
773 _aYojana
906 _aHEALTH SERVICES
942 _cAR